|
|
|
|
| LEADER |
01424nam a2200289 a 4500 |
| 001 |
1473859 |
| 008 |
090513s1984 enka b 000 0 eng d |
| 010 |
|
|
|a 86670054
|
| 020 |
|
|
|a 0905347536
|
| 040 |
|
|
|a DLC
|c DLC
|d DLC
|
| 100 |
1 |
|
|a Foley, Gerald,
|d 1936-
|
| 245 |
1 |
0 |
|a Farm and community forestry /
|c Gerald Foley, Geoffrey Barnard.
|
| 260 |
|
|
|a London :
|a Washington, DC, USA :
|b Earthscan, International Institute for Environment and Development,
|c [c1984]
|
| 300 |
|
|
|a 236 p. :
|b ill. ;
|c 30 cm.
|
| 490 |
1 |
|
|a Technical report / Energy Information Programme ;
|v no. 3
|
| 500 |
|
|
|a Cover title.
|
| 504 |
|
|
|a Includes bibliographical references (p. 227-236).
|
| 541 |
1 |
|
|e 00003171
|
| 650 |
|
0 |
|a Woodlots
|z Developing countries.
|
| 650 |
|
0 |
|a Community forestry
|z Developing countries.
|
| 650 |
|
0 |
|a Forestry projects
|z Developing countries.
|
| 700 |
1 |
|
|a Barnard, G. W.
|
| 830 |
|
0 |
|a Technical report (Energy Information Programme) ;
|v no. 3.
|
| 852 |
4 |
|
|a Ayesha Abed Library
|j Generalshelf
|
| 999 |
|
|
|c 651
|d 651
|
| 952 |
|
|
|0 0
|1 0
|2 ddc
|4 0
|6 634_920000000000000_FOL_1984
|7 0
|9 599
|a BRACUL
|b BRACUL
|c GEN
|d 2009-05-13
|g 0.00
|l 0
|o 634.92 FOL
|p 3010003171
|r 2009-05-13
|t 1
|w 2009-05-13
|y BK
|z Not price in Register
|x No price found in the accession register.
|
| 952 |
|
|
|0 0
|1 0
|2 ddc
|4 0
|6 634_920000000000000_FOL_1984
|7 0
|9 17933
|a BRACUL
|b BRACUL
|c GEN
|d 2011-09-06
|g 0.00
|l 0
|o 634.92 FOL
|p 3010003478
|r 2011-09-06
|t 2
|w 2011-09-06
|y BK
|z Not price in Register
|